Двадцать первая Всероссийская нумизматическая конференция, Тверь, 24-29 мая 2021 года (Запись № 12713541)

Подробности
000 -МАРКЕР
контрольное поле 02554nam0a2200361 4500
001 - ИДЕНТИФИКАТОР ЗАПИСИ
контрольное поле RU\NLR\BIBL_A\016213059
005 - ИДЕНТИФИКАТОР ВЕРСИИ
контрольное поле 20230201160358.0
010 ## - МЕЖДУНАРОДНЫЙ СТАНДАРТНЫЙ НОМЕР КНИГИ (ISBN)
Номер (ISBN) 978-5-6046253-9-2
Тираж 300
021 ## - НОМЕР ГОСУДАРСТВЕННОЙ РЕГИСТРАЦИИ
Код страны Российская Федерация
Номер КН-П-22-072606
Номер Листа государственной регистраци КН-П-22-6321
035 ## - ДРУГИЕ СИСТЕМНЫЕ НОМЕРА
Идентификатор записи (NLR Aleph) 016213059
035 ## - ДРУГИЕ СИСТЕМНЫЕ НОМЕРА
Идентификатор записи (RuMoRGB)011297199
100 ## - ДАННЫЕ ОБЩЕЙ ОБРАБОТКИ
Данные общей обработки 20221121d2021 k y0rusy50 ca
101 0# - ЯЗЫК РЕСУРСА
Язык текста, звукозаписи и т.д. русский
102 ## - СТРАНА ПУБЛИКАЦИИ ИЛИ ПРОИЗВОДСТВА
Страна публикации Российская Федерация
105 ## - ПОЛЕ КОДИРОВАННЫХ ДАННЫХ: ТЕКСТОВЫЕ МАТЕРИАЛЫ, МОНОГРАФИЧЕСКИЕ
Кодированные данные о монографическом текстовом документе ah||z|||1||z|
181 #1 - ПОЛЕ КОДИРОВАННЫХ ДАННЫХ: ВИД СОДЕРЖАНИЯ
Код вида содержания (ISBD) i3
Код характеристики содержания (ISBD) axxe
182 #1 - ПОЛЕ КОДИРОВАННЫХ ДАННЫХ: ТИП СРЕДСТВА
Код типа средства (ISBD) n - непосредственное
200 1# - ЗАГЛАВИЕ И СВЕДЕНИЯ ОБ ОТВЕТСТВЕННОСТИ
Основное заглавие Двадцать первая Всероссийская нумизматическая конференция, Тверь, 24-29 мая 2021 года
Сведения, относящиеся к заглавию тезисы докладов и сообщений
Первые сведения об ответственности Тверской государственный объединенный музей [и др.]
203 ## - ВИД СОДЕРЖАНИЯ И ТИП СРЕДСТВА
Вид содержания Текст
Дополнительные сведения об издании визуальный
Тип средства непосредственный
210 ## - ПУБЛИКАЦИЯ, РАСПРОСТРАНЕНИЕ И ДР.
Место издания, распространения и т.д. Тверь
Имя издателя, распространителя и т. д. Тверская фабрика печати
Дата издания, распространения и т.д. 2021
215 ## - ФИЗИЧЕСКАЯ ХАРАКТЕРИСТИКА
Специфическое обозначение материала и объем 323 с.
Другие сведения о физической характеристике ил., факс.
Размеры 22
320 ## - ПРИМЕЧАНИЯ О НАЛИЧИИ В ДОКУМЕНТЕ БИБЛИОГРАФИИ / УКАЗАТЕЛЯ
Текст примечания Библиогр. в конце ст. и в подстроч. примеч.
320 ## - ПРИМЕЧАНИЯ О НАЛИЧИИ В ДОКУМЕНТЕ БИБЛИОГРАФИИ / УКАЗАТЕЛЯ
Текст примечания Указ. авт.: с. 316-317
330 ## - РЕЗЮМЕ ИЛИ РЕФЕРАТ
Текст примечания В сборник входят тезисы докладов и сообщений Двадцать первой Всероссийской нумизматической конференции (Тверь, 24-29 мая 2021 г.). Они посвящены актуальным вопросам нумизматики всех исторических периодов, бонистике, медальерному искусству, фалеристике, сфрагистике и истории науки. Издание рассчитано на специалистов, музейных работников и всех, кто интересуется нумизматикой и близкими ей дисциплинами. Издание осуществлено при финансовой поддержке автономной некоммерческой организации "Международный нумизматический клуб"
606 1# - НАИМЕНОВАНИЕ ТЕМЫ КАК ПРЕДМЕТ
Наименование темы Нумизматика
Формальный подзаголовок Съезды, совещания и т.п
Системный номер авторитетной/нормативной записи 1319116
Идентификатор авторитетной/нормативной записи RU\NLR\AUTH\66231832
686 1# - ИНДЕКСЫ ДРУГИХ КЛАССИФИКАЦИЙ
Индекс Т221я431
710 12 - НАИМЕНОВАНИЕ ОРГАНИЗАЦИИ - ПЕРВИЧНАЯ ОТВЕТСТВЕННОСТЬ
Начальный элемент ввода Всероссийская нумизматическая конференция
Порядковый номер временной организации и / или порядковый номер ее части 21
Место проведения временной организации Тверь
Дата проведения временной организации 2021
Системный номер авторитетной/нормативной записи 822459
Идентификатор авторитетной/нормативной записи RU\NLR\AUTH\880578368
942 ## - ДОПОЛНИТЕЛЬНЫЕ ЭЛЕМЕНТЫ ЗАПИСИ (АБИС)
Тип экземпляра АБИС Книга
980 ## - КОЛЛЕКЦИЯ
Название коллекции Национальная библиография
Экземпляры
Тип экземпляра Дата поступления Источник поступления Библиотека постоянного хранения Библиотека текущего хранения Место хранения Шифр хранения Штрих-код Статус экземпляра
Книга 21.11.2022 Обязательный экземпляр РНБ (Московский) РНБ (Московский) Русский книжный фонд: издания с 1957 года 2022-5/11714 1-4032408  
Книга 21.11.2022 Обязательный экземпляр РНБ (Московский) РНБ (Московский) Русский книжный фонд: издания с 1957 года 2022-5/11714 1-4032409